| 000 | nam a22 a 4500 | ||
|---|---|---|---|
| 999 |
_c119559 _d119559 |
||
| 003 | BLK | ||
| 005 | 20221024090253.0 | ||
| 008 | 180409b bul|||||r ||||||| ||bul|| | ||
| 010 | _aKNG00125174000 | ||
| 040 | _aBLK | ||
| 041 |
_aBUL _cBUL |
||
| 080 |
_aРуска литература _b821.161.1 _x-32 _z821.161.1-32 |
||
| 100 | 1 |
_aАлексин, Анатолий _eпърви автор _9316226 |
|
| 139 |
_aАлексин, Анатолий _bА 52 |
||
| 245 | 1 | 0 |
_aЕдна много страшна история _bПовести _cАнатолий Алексин; прев. от рус. Савка Чехларова; прев. от рус. Маргарита Митовска. |
| 257 | _aSUN | ||
| 260 |
_bНар. младеж _c1976 _aСофия |
||
| 300 |
_a303 с. _c20 см |
||
| 380 | _aDX | ||
| 490 |
_aБиблиотека Аврора _9205340 |
||
| 490 |
_aСъветски писатели за деца и юноши _9205341 |
||
| 700 | 1 |
_aЧехларова, Савка _eпрев. от рус. _9316237 |
|
| 700 | 1 |
_aМитовска, Маргарита _eпрев. от рус. _9376762 |
|
| 852 | _aЦб 83359 | ||
| 856 | 4 |
_qpdf _i0.00 _ldisable |
|
| 856 | 4 |
_qpdf _i0.00 _ldisable |
|
| 942 |
_cKNG _n0 _s1 |
||
| 944 |
_aCR _c23.08.2011 _l23.08.2011 - от С1,Р / 23.08.2011 _kДиана_Димитрова |
||
| 944 |
_aED _c31.10.2011 _l23.08.2011 - от С1,Р / 23.08.2011 |
||
| 999 | _d119559 | ||